Incidencia de la implementación de la Educación Sexual y el Embarazo en Adolescentes en los Centros Educativos Distrito 16-01 / (Registro nro. 22049)

Detalles MARC
000 -LEADER
fixed length control field 01595nam a22002777a 4500
003 - CONTROL NUMBER IDENTIFIER
control field DO-CoUTE
005 - DATE AND TIME OF LATEST TRANSACTION
control field 20221125105845.0
008 - FIXED-LENGTH DATA ELEMENTS--GENERAL INFORMATION
fixed length control field 221115b dr ||||| |||| 00| 0 spa d
040 ## - CATALOGING SOURCE
Original cataloging agency DO-CoUTE
Language of cataloging spa
Transcribing agency DO-CoUTE
041 ## - LANGUAGE CODE
Language code of text/sound track or separate title spa
092 ## - LOCALLY ASSIGNED DEWEY CALL NUMBER (OCLC)
Classification number EDU-OR 2022 P373-1
100 1# - MAIN ENTRY--PERSONAL NAME
Personal name Pérez Padilla, Daniela Yokasta
Relator term sustentante
245 1# - TITLE STATEMENT
Title Incidencia de la implementación de la Educación Sexual y el Embarazo en Adolescentes en los Centros Educativos Distrito 16-01 /
Remainder of title Daniela Yokasta Pérez Padilla, Francisca Lantigua Cruz, Franmerqui De Jesús ; asesor Raisa Eunise Jiménez
260 ## - PUBLICATION, DISTRIBUTION, ETC.
Place of publication, distribution, etc. Cotuí, República Dominicana :
Name of publisher, distributor, etc. UTECO,
Date of publication, distribution, etc. 2022
300 ## - PHYSICAL DESCRIPTION
Extent xi, 72 hojas :
Dimensions 28cm.
Accompanying material + 1 CD-ROM
502 ## - DISSERTATION NOTE
Dissertation note Trabajo de grado (Licenciatura en Educación, Mención Orientación Escolar)--Universidad Tecnológica del Cibao Oriental, 2022
504 ## - BIBLIOGRAPHY, ETC. NOTE
Bibliography, etc. note Incluye referencia bibliográfica e índice<br/>
505 ## - FORMATTED CONTENTS NOTE
Formatted contents note Índice -- declaración de autoría -- agradecimientos -- dedicatorias--resumen -- Capítulo I: Introducción -- Capítulo II: Revisión de literatura -- Capítulo III: Metodología -- Capítulo IV: Presentación de los resultados -- Capítulo V: Discusión y análisis de los resultados <br/>
650 #4 - SUBJECT ADDED ENTRY--TOPICAL TERM
Source of heading or term Incidencia de la implementación
700 1# - ADDED ENTRY--PERSONAL NAME
Personal name Lantigua Cruz, Francisca
Relator term sustentante
700 1# - ADDED ENTRY--PERSONAL NAME
Personal name De Jesús, Franmerqui
Relator term sustentante
700 1# - ADDED ENTRY--PERSONAL NAME
Personal name Eunise Jiménez, Raisa
Relator term asesor
830 ## - SERIES ADDED ENTRY--UNIFORM TITLE
Uniform title Tesis y disertaciones académicas (Universidad Tecnológica del Cibao Oriental)
856 ## - ELECTRONIC LOCATION AND ACCESS
Link text Haga Click Aquí para Descargar en Texto Completo
942 ## - ADDED ENTRY ELEMENTS (KOHA)
Source of classification or shelving scheme Clasificación Local
Koha item type Tesis
Existencias
Withdrawn status Lost status Source of classification or shelving scheme Damaged status Not for loan Collection code Home library Current library Shelving location Date acquired Inventory number Total Checkouts Full call number Barcode Date last seen Copy number Price effective from Koha item type
    Clasificación Local   Préstamo Interno e-Tesis (en CD) Biblioteca UTECO Biblioteca UTECO En Estantería 11/15/2022 22049   EDU-OR 2022 P373-1 22049 11/15/2022 Ej.1 11/15/2022 Tesis
© 2021 Derechos Reservados UTECO - Teléfono: +1 809-585-2291 - Correo electrónico: biblioteca@uteco.edu.do​  
Código postal 43000 ​​
Dirección: Avenida Universitaria No. 100, 
Cotuí, Provincia Sánchez Ramírez, República Dominicana - RNC: 404-00059-6